[Event "Gatineau Rentree-A"]
[Site "Gatineau"]
[Date "2017.09.12"]
[Round "1"]
[White "Gagnon, Fabien"]
[Black "Solunac, Stephen"]
[Result "1-0"]
[WhiteElo "1844"]
[BlackElo "1757"]
[PlyCount "97"]
[EventDate "2017.09.12"]
[EventType "swiss"]
[EventRounds "6"]
[EventCountry "CAN"]
[SourceTitle "EXT 2022"]
[Source "ChessBase"]
[SourceDate "2021.10.06"]
[SourceVersion "1"]
[SourceVersionDate "2021.10.06"]
[SourceQuality "1"]

1. Nf3 f5 2. g3 Nf6 3. Bg2 e6 4. 0-0 d5 5. d4 Bd6 6. c4 c6 7. b3 0-0 8. Ba3 Bxa3 9. Nxa3 Bd7 10. Nc2 Be8 11. Nce1 Nbd7 12. Nd3 Ne4 13. Nfe5 Ndf6 14. c5 Bh5 15. f3 Ng5 16. Qd2 Nf7 17. b4 Nxe5 18. Nxe5 Nd7 19. Nxd7 Qxd7 20. Rab1 a6 21. Rb3 Rae8 22. f4 h6 23. a4 Rc8 24. Rfb1 Be8 25. e3 Qe7 26. Bf1 g5 27. b5 axb5 28. axb5 g4 29. bxc6 Bxc6 30. Bb5 Rfd8 31. Bxc6 bxc6 32. Rb7 Rd7 33. R7b6 Rdc7 34. Ra1 Ra7 35. Ra5 Kf8 36. Qb4 Rxa5 37. Qxa5 Ke8 38. Qa6 Qd7 39. Kf2 Kd8 40. Rb7 Rc7 41. Qb6 h5 42. Ke2 Qg7 43. Rb8+ Kd7 44. Ra8 Qe7 45. Qb8 e5 46. fxe5 Ke6 47. Qg8+ Kd7 48. e6+ Qxe6 49. Qd8# 1-0

[Event "Gatineau Pere Noel-A"]
[Site "Gatineau"]
[Date "2017.01.10"]
[Round "3"]
[White "Gagnon, Fabien"]
[Black "Jobin, Gilles G"]
[Result "0-1"]
[WhiteElo "1955"]
[BlackElo "1832"]
[PlyCount "100"]
[EventDate "2016.12.06"]
[EventType "swiss"]
[EventRounds "5"]
[EventCountry "CAN"]
[SourceTitle "EXT 2022"]
[Source "ChessBase"]
[SourceDate "2021.10.06"]
[SourceVersion "1"]
[SourceVersionDate "2021.10.06"]
[SourceQuality "1"]

1. Nf3 d6 2. c4 e5 3. Nc3 Nf6 4. g3 Be7 5. Bg2 0-0 6. 0-0 c6 7. d3 Nbd7 8. e4 Nc5 9. h3 Ne6 10. Be3 Qc7 11. Rc1 Qa5 12. Qd2 b6 13. b4 Qxb4 14. Ne1 Qa5 15. f4 Nd4 16. Qf2 Rb8 17. Kh2 c5 18. g4 Bxg4 19. Qg3 exf4 20. Bxf4 Be2 21. Rf2 Nh5 22. Qe3 Nxf4 23. Qxf4 Bh5 24. Nd5 Rbe8 25. Nxe7+ Rxe7 26. Qxd6 Re6 27. Qd7 Qa3 28. Rb1 Be2 29. Nc2 Nxc2 30. Rxe2 Nd4 31. Rd2 Rf6 32. Qg4 Nc6 33. Qe2 Qc3 34. Kh1 Qe5 35. Rf1 Rxf1+ 36. Qxf1 Nd4 37. Qd1 Re8 38. Qf1 Re7 39. Qf2 h6 40. Qg1 Rd7 41. Qf2 Ne6 42. Bf1 Rd4 43. Qf5 Qxf5 44. exf5 Ng5 45. Rf2 f6 46. Kh2 Nf7 47. Kg3 Ne5 48. Rf4 Rd6 49. Rf2 Rd4 50. Rf4 Rd7 0-1

[Event "Outaouais-ch ferme"]
[Site "Gatineau"]
[Date "2016.05.10"]
[Round "5"]
[White "Rose, Richard1111"]
[Black "Gagnon, Fabien"]
[Result "1-0"]
[WhiteElo "1931"]
[BlackElo "2000"]
[PlyCount "115"]
[EventDate "2016.04.12"]
[EventType "tourn"]
[EventRounds "7"]
[EventCountry "CAN"]
[SourceTitle "EXT 2022"]
[Source "ChessBase"]
[SourceDate "2021.10.06"]
[SourceVersion "1"]
[SourceVersionDate "2021.10.06"]
[SourceQuality "1"]

1. e4 c5 2. Nf3 e6 3. d4 cxd4 4. Nxd4 a6 5. c4 g6 6. Bd2 Bg7 7. Bc3 Nf6 8. Bd3 0-0 9. 0-0 d5 10. e5 Ne4 11. Bxe4 dxe4 12. f4 exf3 13. Nxf3 Nc6 14. Nbd2 b5 15. cxb5 axb5 16. a3 b4 17. axb4 Rxa1 18. Qxa1 Nxb4 19. Qa7 Nc6 20. Qa4 Qd5 21. Nc4 Bb7 22. Nd6 Bc8 23. Qf4 Ba6 24. Ra1 Be2 25. Ne4 Bxf3 26. Nf6+ Bxf6 27. exf6 g5 28. Qxf3 Qxf3 29. gxf3 Rc8 30. Kf2 Kf8 31. Kg3 Ke8 32. Kg4 Kd7 33. Kxg5 Rg8+ 34. Kh6 e5 35. h4 Rg6+ 36. Kxh7 Rxf6 37. Rf1 Rf4 38. h5 Ke6 39. h6 Ne7 40. Bd2 Rd4 41. Be3 Rd8 42. Bc5 Nf5 43. Ra1 Kf6 44. Ra7 Rd3 45. Bf8 Rd8 46. Bg7+ Ke6 47. Ra6+ Nd6 48. Rb6 Rc8 49. Ra6 Rb8 50. Ra5 Nb5 51. Ra6+ Nd6 52. Ra5 Nb5 53. Bf8 Nc7 54. Ra7 Nb5 55. Ra6+ Kf5 56. Kg8 Nc7 57. Rc6 Ne6 58. Rxe6 1-0

[Event "CEH-ch"]
[Site "Gatineau"]
[Date "2015.04.21"]
[Round "3"]
[White "Gagnon, Fabien"]
[Black "Groleau, Gilles"]
[Result "1-0"]
[WhiteElo "1955"]
[BlackElo "1937"]
[PlyCount "53"]
[EventDate "2015.04.07"]
[EventType "tourn"]
[EventRounds "6"]
[EventCountry "CAN"]
[SourceTitle "EXT 2016"]
[Source "ChessBase"]
[SourceDate "2015.10.08"]
[SourceVersion "1"]
[SourceVersionDate "2015.10.08"]
[SourceQuality "1"]

1. e4 c5 2. Nf3 e6 3. d3 Nc6 4. g3 g6 5. Bg2 Bg7 6. 0-0 Nge7 7. c3 0-0 8. d4 cxd4 9. cxd4 d5 10. e5 Bd7 11. Nc3 a6 12. Bg5 b5 13. Qd2 Qb6 14. Bh3 Kh8 15. Rad1 Bc8 16. Qf4 Ng8 17. Rfe1 f6 18. exf6 Bxf6 19. Qd2 Nd8 20. Ne5 Nf7 21. Bxf6+ Nxf6 22. Qe3 Nd8 23. Rd2 Ra7 24. Ne2 Ne4 25. Qh6 Rg8 26. Nf4 Nf7 27. Nfxg6+ 1-0

[Event "Gatineau Benevoles-A"]
[Site "Gatineau"]
[Date "2014.09.16"]
[Round "2"]
[White "Desjardins, Michel"]
[Black "Gagnon, Fabien"]
[Result "1/2-1/2"]
[WhiteElo "1875"]
[BlackElo "1931"]
[PlyCount "43"]
[EventDate "2014.09.09"]
[EventType "swiss"]
[EventRounds "5"]
[EventCountry "CAN"]
[SourceTitle "EXT 2016"]
[Source "ChessBase"]
[SourceDate "2015.10.08"]
[SourceVersion "1"]
[SourceVersionDate "2015.10.08"]
[SourceQuality "1"]

1. e4 c5 2. c3 e6 3. d4 d5 4. e5 Nc6 5. Nf3 Nge7 6. a3 Nf5 7. b4 cxd4 8. cxd4 Be7 9. Bb2 Bd7 10. Bd3 Nh4 11. Nxh4 Bxh4 12. 0-0 Be7 13. Nd2 g6 14. Rc1 0-0 15. Nf3 a6 16. Qd2 b5 17. Qe2 Qb6 18. Bc3 Rfb8 19. Qd2 Qd8 20. Qe2 Qb6 21. Qd2 Qd8 22. Qe2 1/2-1/2

[Event "Outaouais-ch"]
[Site "Gatineau"]
[Date "2014.04.22"]
[Round "2"]
[White "Desjardins, Michel"]
[Black "Gagnon, Fabien"]
[Result "0-1"]
[WhiteElo "1955"]
[BlackElo "1949"]
[PlyCount "82"]
[EventDate "2014.04.15"]
[EventType "tourn"]
[EventRounds "6"]
[EventCountry "CAN"]
[SourceTitle "EXT 2022"]
[Source "ChessBase"]
[SourceDate "2021.10.06"]
[SourceVersion "1"]
[SourceVersionDate "2021.10.06"]
[SourceQuality "1"]

1. b3 d5 2. e3 c5 3. Bb2 Nf6 4. Nf3 e6 5. c4 Be7 6. Be2 Nc6 7. cxd5 exd5 8. Bb5 Bd7 9. Bxc6 Bxc6 10. 0-0 0-0 11. d4 b6 12. Nc3 Rc8 13. Rc1 Bb7 14. Ne2 Ne4 15. Ba3 Bd6 16. Nc3 Nxc3 17. Rxc3 Ba6 18. Re1 c4 19. Bxd6 Qxd6 20. bxc4 Bxc4 21. a3 Rc7 22. Ne5 Rfc8 23. Qf3 f6 24. Nxc4 Rxc4 25. Rxc4 dxc4 26. Qb7 Rc7 27. Qb8+ Kf7 28. g3 c3 29. Rc1 Qd7 30. Qa8 b5 31. Qe4 a5 32. Qxh7 Qd5 33. e4 Qg5 34. f4 Qg6 35. Qxg6+ Kxg6 36. d5 b4 37. axb4 axb4 38. d6 Rd7 39. e5 fxe5 40. fxe5 Kf5 41. Kf2 Kxe5 0-1

[Event "Gatineau Benevoles"]
[Site "Gatineau"]
[Date "2013.12.01"]
[Round "4"]
[White "Groleau, Gilles"]
[Black "Gagnon, Fabien"]
[Result "1/2-1/2"]
[WhiteElo "1904"]
[BlackElo "1918"]
[PlyCount "61"]
[EventDate "2013.12.10"]
[EventType "swiss"]
[EventRounds "4"]
[EventCountry "CAN"]
[SourceTitle "EXT 2022"]
[Source "ChessBase"]
[SourceDate "2021.10.06"]
[SourceVersion "1"]
[SourceVersionDate "2021.10.06"]
[SourceQuality "1"]

1. e4 e6 2. d4 d5 3. Nd2 Nf6 4. e5 Nfd7 5. Bd3 c5 6. c3 Nc6 7. Ne2 Qb6 8. Nf3 cxd4 9. cxd4 f6 10. exf6 Nxf6 11. 0-0 Bd6 12. b3 0-0 13. Bb2 Bd7 14. Ne5 Rae8 15. Nxd7 Nxd7 16. Rc1 Nf6 17. Bb1 Qc7 18. g3 Qf7 19. Nc3 a6 20. Na4 e5 21. dxe5 Nxe5 22. Bxe5 Rxe5 23. f4 Re3 24. Rc3 Rxc3 25. Nxc3 Bc5+ 26. Kg2 Re8 27. Re1 Rxe1 28. Qxe1 b5 29. h3 g6 30. Qe5 Qe7 31. Qxe7 1/2-1/2